000 nam a22 a 4500
999 _c215
_d215
003 AKMAL
005 20170427083618.0
008 170427s2000 my a g b o000 0 may d
020 _a9679933741 (kkt.) :
_cRM14.00
082 0 4 _a302.2 MAI
_222
090 0 0 _a302.2
_bMAI
100 0 _aMaimunah Osman
_9485
245 1 0 _aKomunikasi berkesan :
_bperhubungan interpersonal /
_cMaimunah Osman
260 _aKuala Lumpur :
_bInstitut Tadbiran Awam Negara,
_c2000
300 _avii, 110ms. :
_bil. ;
_c21cm.
504 _aBibliografi : ms. 111
650 1 0 _aCommunication
_9486
650 2 0 _aInterpersonal relations
_9487
650 2 0 _aPublic speaking
_9488
942 _2ddc
_cBOOK